Central Library OPAC University of Rajshahi

একেই কি বলে সভ্যতা ? , বুড় সালিকের ঘাড়ে রোঁ / (Record no. 41206)

MARC details
000 -LEADER
fixed length control field 01294nam a2200265 a 4500
001 - CONTROL NUMBER
control field 41206
003 - CONTROL NUMBER IDENTIFIER
rucl marc code BD-RjUL
005 - DATE AND TIME OF LATEST TRANSACTION
control field 20211209053339.0
008 - FIXED-LENGTH DATA ELEMENTS--GENERAL INFORMATION
fixed length control field 160517s2007 ii ||||| |||| 00| d ben d
020 ## - INTERNATIONAL STANDARD BOOK NUMBER
Terms of availability :IRs. 80.00
035 ## - SYSTEM CONTROL NUMBER
System control number (BD-RjUL)41322
040 ## - CATALOGING SOURCE
Original cataloging agency BD-RjUL
Language of cataloging ben
Transcribing agency BD-RjUL
Modifying agency BD-RjUL
041 ## - LANGUAGE CODE
Language code of text/sound track or separate title ben
082 ## - DEWEY DECIMAL CLASSIFICATION NUMBER
Edition number 23
Classification number 891.442
Author mark and year DUE 2007
100 ## - MAIN ENTRY--PERSONAL NAME
Personal name দত্ত, মাইকেল মধুসূদন
9 (RLIN) 126769
245 ## - TITLE STATEMENT
Title একেই কি বলে সভ্যতা ? , বুড় সালিকের ঘাড়ে রোঁ /
Statement of responsibility, etc. মাইকেল মধুসূদন দত্ত ; পরিচায়িকা : ক্ষেত্র গুপ্ত ; সম্পাদনা সুবীর মুখোপাধ্যায়
260 ## - PUBLICATION, DISTRIBUTION, ETC. (IMPRINT)
Place of publication, distribution, etc. কলকাতা :
Name of publisher, distributor, etc. পুস্তক বিপণী,
Date of publication, distribution, etc. ২০০৭
300 ## - PHYSICAL DESCRIPTION
Pagination ১৭৫ পৃ. ;
Size ২৩ সেমি.
500 ## - GENERAL NOTE
General note টীকা ও পরিভাষা সংযুক্ত
650 ## - SUBJECT ADDED ENTRY--TOPICAL TERM
Topical term or geographic name as entry element বাংলা নাটক
9 (RLIN) 126770
Topical term or geographic name as entry element Bengali Drama
9 (RLIN) 126771
700 ## - ADDED ENTRY--PERSONAL NAME
Personal name গুপ্ত , ক্ষেত্র, পরিচায়ক
Personal name মুখোপাধ্যায়, সুবী্‌ ; সম্পাদক
942 ## - ADDED ENTRY ELEMENTS (KOHA)
Source of classification or shelving scheme Dewey Decimal Classification
Koha item type Books
Holdings
Lost status Source of classification or shelving scheme Damaged status Not for loan Collection code Permanent Location Current Location Shelving location Date acquired Source of acquisition Cost, normal purchase price Total Checkouts Full call number Date last seen Date checked out Copy number Koha item type
  Dewey Decimal Classification     Non-fiction Central Library, University of Rajshahi Central Library, University of Rajshahi   24/05/2011 Paragogn Enterprise, Dhaka 80.00 2 B 891.442 DUE 2007 29/04/2024 08/02/2024 C-2 Books